000 00411nam a22001217a 4500
082 _a346.73
_bNIA
100 _aNiazi, Samia Maqbool
245 _aThe Law of Insider Trading in Pakistan:
_ban analysis in the light of Indian, U.S. and European law in insider dealing /
_cSamia Maqbool Niazi
260 _aRawalpindi :
_bFederal Law House,
_c2007.
300 _a184 p.
563 _aPB.
942 _2ddc
_cBK
999 _c613172
_d613172